Affect of legislative changes in accruals and deferrals on financial accounting and reporting of micro accounting entity
Mikro účtovná jednotka v zákone o účtovníctve. Znižovanie administratívnej záťaže. Zjednodušenie v postupoch účtovania. Povinnosť účtovať časové rozlíšenie nákladov a výnosov podľa typu účtovnej jednotky.
Guardado en:
| Autor principal: | |
|---|---|
| Formato: | Capítulo de libro |
| Lenguaje: | eslovaco |
| Materias: | |
| Etiquetas: |
Sin Etiquetas, Sea el primero en etiquetar este registro!
|
MARC
| LEADER | 00000naa$a2200000$$$4500 | ||
|---|---|---|---|
| 001 | 0223009 | ||
| 005 | 20240502083554.8 | ||
| 041 | 0 | |a slo | |
| 044 | |a CZ | ||
| 245 | 1 | 0 | |a Affect of legislative changes in accruals and deferrals on financial accounting and reporting of micro accounting entity |c Branislav Parajka |
| 520 | |a Mikro účtovná jednotka v zákone o účtovníctve. Znižovanie administratívnej záťaže. Zjednodušenie v postupoch účtovania. Povinnosť účtovať časové rozlíšenie nákladov a výnosov podľa typu účtovnej jednotky. | ||
| 610 | 2 | 0 | |a účtovníctvo podvojné |
| 610 | 2 | 0 | |a jednotka účtovná |
| 610 | 2 | 0 | |a mikropodnik |
| 610 | 2 | 0 | |a rozlíšenie časové |
| 610 | 2 | 0 | |a legislatíva |
| 100 | 1 | |a Parajka, Branislav, 1981- | |